Artificial Intelligence : Building Intelligent Systems (Record no. 10535)

MARC details
000 -LEADER
fixed length control field 00438nam a22001817a 4500
003 - CONTROL NUMBER IDENTIFIER
control field OSt
008 - FIXED-LENGTH DATA ELEMENTS--GENERAL INFORMATION
fixed length control field 210303b ||||| |||| 00| 0 eng d
020 ## - INTERNATIONAL STANDARD BOOK NUMBER
International Standard Book Number 9788120350465
082 ## - DEWEY DECIMAL CLASSIFICATION NUMBER
Classification number 006.3 KUA
100 ## - MAIN ENTRY--PERSONAL NAME
Personal name KULKARNI, Parag
245 ## - TITLE STATEMENT
Title Artificial Intelligence : Building Intelligent Systems
250 ## - EDITION STATEMENT
Edition statement Rep.
260 ## - PUBLICATION, DISTRIBUTION, ETC. (IMPRINT)
Place of publication, distribution, etc New Delhi
Name of publisher, distributor, etc PHI
Date of publication, distribution, etc 2021
300 ## - PHYSICAL DESCRIPTION
Extent 506
650 ## - SUBJECT ADDED ENTRY--TOPICAL TERM
Topical term or geographic name as entry element IOT
700 ## - ADDED ENTRY--PERSONAL NAME
Personal name JOSHI, Prachi
942 ## - ADDED ENTRY ELEMENTS (KOHA)
Source of classification or shelving scheme Dewey Decimal Classification
Koha item type Text Books
942 ## - ADDED ENTRY ELEMENTS (KOHA)
-- 3
Holdings
Withdrawn status Lost status Source of classification or shelving scheme Damaged status Not for loan Collection code Home library Current library Date acquired Source of acquisition Currency Cost, normal purchase price Bill Number Total Checkouts Full call number Acc. no. / Barcode Date last seen Date last borrowed Actual Cost, discounted price Bill Date Koha item type Public note
    Dewey Decimal Classification     B.Tech(ECE) PIET C-LIBRARY PIET C-LIBRARY 03/03/2021 Kirti Prakashan Indian Rup 595.00 IN1738 2 006.3 KUA 32613 28/01/2025 18/01/2025 398.65 01/03/2021 Text Books  
    Dewey Decimal Classification     B.Tech(ECE) PIET C-LIBRARY PIET C-LIBRARY 03/03/2021 Kirti Prakashan Indian Rup 595.00 IN1738 4 006.3 KUA 32614 22/12/2023 20/12/2023 398.65 01/03/2021 Text Books  
    Dewey Decimal Classification     B.Tech(ECE) PIET C-LIBRARY PIET C-LIBRARY 03/03/2021 Kirti Prakashan Indian Rup 595.00 IN1738 2 006.3 KUA 32615 03/11/2023 10/10/2023 398.65 01/03/2021 Text Books  
    Dewey Decimal Classification     Computer Science and Engineering in AI & Data Science PIET C-LIBRARY PIET C-LIBRARY 03/08/2025 Book House INR 995.00 2944   006.3 KUA 39844 12/02/2026   845.75 03/08/2025 Reference Books Decentrilization

Design & Developed by: PIET Central Library
R70 Miles Stone Pattikalyana Samalkha Panipat 132102
mail ID :- [email protected], Phone No:- 0180-2569700 Ex.216